000 00602nam a22002052 4500
001 0000007018
005 20151217154400.0
008 071107s xx 000 0 eng d
020 _a0192806130 :
_cKES 3520
040 _aKABU
_cKABU
100 1 _aSeely, John.
_@0000158035
245 1 4 _aThe Oxford guide to effective writing and speaking /
_cJohn Seely.
250 _a2nd ed.
260 _aOxford :
_bO. U. P.,
_c2005.
300 _a312 p.
650 0 _aEnglish language
_xRhetoric.
_@0000152050
908 _a071107
950 _@1
999 _c10911
_d10911